Hospodárske tendencie v regióne štátov SNŠ Príloha Hospodárskych novín

Prekážky pokroku v regióne bývalých štátov SNŠ a očakávaný hospodársky vývoj v tejto oblasti. Monitor hospodárskeho vývoja Ukrajiny. Vývoj priemyselnej výroby, spracovateľského priemyslu a výroby elektriny v Ukrajine.

Salvato in:
Dettagli Bibliografici
Natura: Capitolo di libro
Lingua:slovacco
Soggetti:
Tags: Aggiungi Tag
Nessun Tag, puoi essere il primo ad aggiungerne!!

MARC

LEADER 00000naa a2200000 4500
001 r020750
005 20230801103309.7
041 0 |a slo 
044 |a SK 
245 1 0 |a Hospodárske tendencie v regióne štátov SNŠ  |b Príloha Hospodárskych novín 
520 |a Prekážky pokroku v regióne bývalých štátov SNŠ a očakávaný hospodársky vývoj v tejto oblasti. Monitor hospodárskeho vývoja Ukrajiny. Vývoj priemyselnej výroby, spracovateľského priemyslu a výroby elektriny v Ukrajine. 
610 2 0 |a Spoločenstvo nezávislých štátov 
610 2 0 |a Ukrajina 
610 2 0 |a 1990-1995 
610 2 0 |a vývoj hospodársky 
610 2 0 |a prostredie ekonomické 
610 2 0 |a výroba priemyselná